[Event "MSS-ch"]
[Site "CZE"]
[Date "1997.??.??"]
[Round "?"]
[White "Barta, M."]
[Black "Partys, P."]
[Result "1-0"]
[WhiteElo "1605"]
[BlackElo "1635"]

1.e4 c5 2.Nf3 Nc6 3.Nc3 g6 4.d4 cxd4 5.Nxd4 Bg7 6.Nxc6 bxc6 7.Bd2 d6 8.Bd3 Nf6
9.O-O O-O 10.Re1 d5 11.Bg5 h6 12.Bh4 d4 13.Na4 e5 14.Bg3 Qa5 15.c3 Rd8 16.Bc4 dxc3
17.Qb3 Qc7 18.Qxc3 Rd4 19.Qxd4 Qa5 20.Qd1 Bg4 21.f3 Bh5 22.b3 Rd8 23.Qc2 g5
24.Qc3 Qxc3 25.Nxc3 g4 26.Bxe5 gxf3 27.gxf3 Kh7 28.Rac1 Rg8 29.Kf2 Re8 30.Bg3 Bg6
31.Bd3 Nd7 32.Na4 Bd4+ 33.Kg2 c5 34.Bb5  1-0

[Event "MSS-ch"]
[Site "CZE"]
[Date "1997.??.??"]
[Round "?"]
[White "Ciprys, M."]
[Black "Vrubl, J."]
[Result "1-0"]
[WhiteElo "1850"]
[BlackElo "1605"]

1.e4 c5 2.Nc3 Nc6 3.Nf3 d6 4.d4 cxd4 5.Nxd4 g6 6.Be3 Nf6 7.Be2 Bg7 8.O-O O-O
9.f4 Qb6 10.e5 dxe5 11.fxe5 Nxe5 12.Nf5 Qe6 13.Nxg7 Kxg7 14.Qd2 Neg4 15.Bd4 Nh6
16.Rae1 Nf5 17.Bd3 Qd6 18.Bxf5 Bxf5 19.Rxf5 gxf5 20.Qg5+ Kh8 21.Nb5 Qd7 22.Rxe7 Qxe7
23.Bxf6+ Qxf6 24.Qxf6+ Kg8 25.Nd6 Rad8 26.Nxf5 Rd1+ 27.Kf2  1-0

[Event "MSS-ch"]
[Site "CZE"]
[Date "1997.??.??"]
[Round "?"]
[White "Fojtik, V."]
[Black "Harasimovic, P."]
[Result "1-0"]
[WhiteElo "2130"]
[BlackElo "1740"]

1.e4 c5 2.Nc3 Nc6 3.Nf3 d6 4.d4 cxd4 5.Nxd4 Nf6 6.Be2 e5 7.Nf3 h6 8.O-O Be7
9.Re1 Be6 10.a3 O-O 11.h3 Rc8 12.Bf1 a6 13.Nd5 Na5 14.Be3 Nxd5 15.exd5 Bf5
16.c3 Nc4 17.Bc1 Qb6 18.b3 Na5 19.b4 Nc4 20.Qb3 Qc7 21.a4 Nb6 22.a5 Nd7 23.c4 Bg6
24.Bd2 f5 25.Nd4 exd4 26.Rxe7 Nc5 27.bxc5 Qxe7 28.cxd6 Qd7 29.Bf4 Rfe8 30.Bd3 Bh7
31.Qb6 g5 32.Bd2 f4 33.Bxh7+ Kxh7 34.Rb1 Re2 35.Qxd4 Rce8 36.Qd3+ Kh8 37.Bc3+  1-0

[Event "CZE-chT1c 9697"]
[Site "CZE"]
[Date "1997.??.??"]
[Round "?"]
[White "Civin, Tomas"]
[Black "Vavra, Pavel"]
[Result "0-1"]
[WhiteElo "2235"]
[BlackElo "2390"]

1.e4 c5 2.Nf3 Nc6 3.Nc3 Nf6 4.e5 Ng4 5.Qe2 Qc7 6.d4 cxd4 7.Nb5 Qb6 8.Bg5 d3
9.Qxd3 Qxf2+ 10.Kd1 Qb6 11.Kd2 a6 12.Nc3 Ngxe5 13.Nxe5 Nxe5 14.Qe4 d6 15.Rd1 Qc6
16.Qd4 g6 17.Kc1 Bf5 18.Be2 Qxg2 19.h4 Rc8 20.Rdg1 Qc6 21.h5 Bg7 22.h6 Bf6
23.Bxf6 exf6 24.Bd1 Qc5 25.Qf4 b5 26.Rg3 b4 27.Ne4 Bxe4 28.Qxe4 Qc4 29.Re1 Qxe4
30.Rxe4 a5 31.a3 Ke7 32.axb4 f5 33.Rd4 Nc6 34.Re3+ Kd7 35.Rd5 Nxb4 36.Rxa5 Ra8
37.Rb5 Rhb8 38.Be2 d5 39.c3 Na2+ 40.Kb1 Rxb5 41.Bxb5+ Kd6 42.Bf1 f4 43.Rd3 Nc1
44.Rd4 Nb3 45.Rxf4 Nd2+ 46.Kc2 Nxf1 47.Rxf7 Ne3+ 48.Kd3 Nc4 49.Rxh7 Nxb2+
50.Ke2 Nc4 51.Rg7 Ne5 52.h7 Ra2+ 53.Ke3 Rh2 54.Rb7 Nd7 55.Ra7 Rxh7 56.Ra6+ Kc5
57.Rxg6 Rh3+ 58.Kd2 Rh2+ 59.Kd1 Kc4 60.Rg3 Nc5 61.Re3 Ne4  0-1

[Event "MSS-ch"]
[Site "CZE"]
[Date "1997.??.??"]
[Round "?"]
[White "Gregor, David"]
[Black "Bacak, P."]
[Result "1-0"]
[WhiteElo "1955"]
[BlackElo "1750"]

1.e4 c5 2.Nc3 Nc6 3.Nf3 d6 4.Bc4 Bg4 5.Bxf7+ Kd7 6.Bd5 e6 7.Bxc6+ bxc6 8.Ne5+ dxe5
9.Qxg4 Nf6 10.Qe2 Bd6 11.d3 h6 12.Be3 Rb8 13.Rb1 Qa5 14.O-O Rhf8 15.Bd2 Qd8
16.f4 exf4 17.e5 f3 18.Rxf3 Ng4 19.Rxf8 Qh4 20.g3 Qxh2+ 21.Qxh2 Nxh2 22.Rxb8 Nf3+
23.Kf2 Nxd2 24.exd6  1-0

[Event "Moravia-chT 9798"]
[Site "CZE"]
[Date "1997.??.??"]
[Round "2.3"]
[White "Walek, Milan"]
[Black "Tatarko, Jan"]
[Result "0-1"]
[WhiteElo "2325"]
[BlackElo "2275"]

1.e4 c5 2.Nf3 Nc6 3.Nc3 Nf6 4.d4 cxd4 5.Nxd4 e5 6.Ndb5 d6 7.Bg5 a6 8.Na3 b5
9.Bxf6 gxf6 10.Nd5 Bg7 11.Bd3 Ne7 12.Nxe7 Qxe7 13.O-O f5 14.c4 O-O 15.Qh5 Qb7
16.Rfe1 d5 17.cxd5 fxe4 18.Bxe4 f5 19.Bc2 e4 20.Rad1 Bxb2 21.Nb1 Qc7 22.Bb3 Qd6
23.f3 Rf6 24.fxe4 Bd7 25.exf5 Rxf5 26.Qh4 Raf8 27.Qg3+ Qxg3 28.hxg3 Be5 29.Rd3 Bd6
30.g4 Rf4 31.Nd2 Bxg4 32.Ne4 Be5 33.g3 Rf3 34.Rxf3 Rxf3 35.Kg2 Rd3 36.Rf1 Kg7
37.Rf2 a5 38.Ng5 Rxg3+ 39.Kh1  0-1

[Event "Moravia-chT 9798"]
[Site "CZE"]
[Date "1997.??.??"]
[Round "3.2"]
[White "Veselovsky, Sergey"]
[Black "Belunek, Vladimir"]
[Result "1-0"]
[WhiteElo "2435"]
[BlackElo "2240"]

1.e4 c5 2.Ne2 Nc6 3.Nbc3 d6 4.d4 cxd4 5.Nxd4 Nf6 6.Be2 g6 7.Be3 Bg7 8.O-O O-O
9.Kh1 a5 10.Qd2 a4 11.a3 Ng4 12.Bxg4 Bxg4 13.Nd5 Na5 14.Qb4 e5 15.Nb3  1-0

[Event "Decin op"]
[Site "Decin"]
[Date "1997.??.??"]
[Round "2"]
[White "Gipslis, Aivars"]
[Black "Horak, Jiri"]
[Result "1-0"]
[WhiteElo "2465"]
[BlackElo "2230"]

1.e4 c5 2.Nf3 Nc6 3.Nc3 Nf6 4.Bb5 a6 5.Bxc6 dxc6 6.h3 g6 7.d3 Bg7 8.Be3 b6
9.Qd2 O-O 10.Bh6 Qc7 11.O-O Nh5 12.Bxg7 Nxg7 13.Nh2 e5 14.f4 exf4 15.Rxf4 Nh5
16.Rf3 Be6 17.Raf1 Rad8 18.Qf2 Qe5 19.Ng4 Qd4 20.Ne3 b5 21.Ncd1 c4 22.c3 Qxd3
23.g4 Ng7 24.Nd5 cxd5 25.Rxd3 cxd3 26.e5 d4 27.cxd4 Bxa2 28.Nc3 Bc4 29.Ne4 Ne6
30.Nd6 Bd5 31.Qe3 Kg7 32.Qxd3 Bc4 33.Qe3 Bxf1 34.Kxf1 f6 35.Kg1 f5 36.gxf5 gxf5
37.d5  1-0

[Event "Decin op"]
[Site "Decin"]
[Date "1997.??.??"]
[Round "5"]
[White "Moroz, Alexander"]
[Black "Horak, Michal"]
[Result "1/2-1/2"]
[WhiteElo "2485"]
[BlackElo "2330"]

1.e4 c5 2.Nf3 Nc6 3.Nc3 Nf6 4.Bb5 a6 5.Bxc6 dxc6 6.d3 Qc7 7.e5 Nd5 8.h3 Bf5
9.Qe2 e6 10.Ne4 O-O-O 11.a3 f6 12.g4 Bxe4 13.dxe4 Nb6 14.exf6 gxf6 15.Bd2 h5
16.O-O-O Bh6 17.Bxh6 Rxh6 18.Rxd8+ Qxd8 19.Rd1 Qf8 20.Nd2 hxg4 21.hxg4 e5
22.Nf1 Rh1 23.Ne3 Rxd1+ 24.Qxd1 Kc7 25.Nf5 c4 26.Qd2 Qc5 27.Ng7 Qe7 28.Nh5 Nd7
29.Qa5+ Kc8 30.Qc3 b5 31.Qe3 Kb7 32.Ng3 Qc5 33.Qd2 Kc7 34.Nf5 c3 35.Qxc3 Qxf2
36.Kb1 Nc5 37.Qa5+ Kd7 38.Qb6 Qf1+ 39.Ka2 Qc4+ 40.Kb1 Qf1+ 41.Ka2 Qc4+ 42.Kb1 Qf1+
43.Ka2 Qc4+  1/2-1/2

[Event "Decin op"]
[Site "Decin"]
[Date "1997.??.??"]
[Round "8"]
[White "Gipslis, Aivars"]
[Black "Vodicka, Vladimir"]
[Result "1/2-1/2"]
[WhiteElo "2465"]
[BlackElo "2330"]

1.e4 c5 2.Nf3 Nc6 3.Nc3 e5 4.Bc4 Be7 5.d3 d6 6.Nd2 Nf6 7.Nf1 Bg4 8.f3 Be6
9.Ne3 O-O 10.O-O Rb8 11.a4 Nb4 12.Ned5 Nbxd5 13.exd5  1/2-1/2

[Event "Neckar op 1st"]
[Site "Deizisau"]
[Date "1997.??.??"]
[Round "1"]
[White "Bublitz, Egbert"]
[Black "Piven, Igor"]
[Result "0-1"]
[WhiteElo "1840"]
[BlackElo "2345"]

1.e4 c5 2.Nc3 Nc6 3.Nf3 g6 4.d3 Bg7 5.Be2 Nf6 6.Rb1 O-O 7.O-O d5 8.exd5 Nxd5
9.Ne4 b6 10.a3 a5 11.c3 h6 12.Qa4 Bd7 13.Qb3 e6 14.Bd2 a4 15.Qc2 Qc7 16.Rbc1 Kh7
17.c4 Nde7 18.h4 Nf5 19.g4 Nfd4 20.Bd1 Nxf3+ 21.Bxf3 Nd4 22.Bd1 f5 23.Ng3 Bc6
24.f4 Bf6 25.h5 Rg8 26.Kh2 g5 27.Kh3 Raf8 28.Be3 Qg7 29.Qd2 gxf4 30.Bxd4 fxg4+  0-1

[Event "Neckar op 1st"]
[Site "Deizisau"]
[Date "1997.??.??"]
[Round "2"]
[White "Englmeier, Heinz"]
[Black "Ikonnikov, Vyacheslav"]
[Result "0-1"]
[WhiteElo "2140"]
[BlackElo "2540"]

1.e4 c5 2.Nf3 Nc6 3.Nc3 Nd4 4.Nb5 Nxf3+ 5.gxf3 a6 6.Na3 e6 7.c3 Ne7 8.Nc2 d5
9.d4 cxd4 10.cxd4 Bd7 11.Bd2 Bc6 12.Bd3 Ng6 13.Qe2 Qh4 14.Qe3 Be7 15.e5 h6
16.f4 Bb5 17.Bxb5+ axb5 18.Qf3 O-O 19.O-O-O Rxa2 20.Kb1 Rfa8 21.f5 exf5 22.Qxd5 Nf8
23.Qxb7 R2a7 24.Qd5 Ne6 25.f4 Nxf4 26.Bxf4 Qxf4 27.Rhf1 Qxh2 28.Rxf5 Qe2
29.Rdf1 Qd3  0-1

[Event "Dhaka"]
[Site "Dhaka"]
[Date "1997.??.??"]
[Round "1"]
[White "Reefat bin Satter"]
[Black "Lovlu, Saifuddi"]
[Result "1-0"]
[WhiteElo "2410"]
[BlackElo "2280"]

1.e4 c5 2.Nf3 Nc6 3.Nc3 d6 4.d4 cxd4 5.Nxd4 Nf6 6.Bc4 e6 7.Be3 a6 8.Qe2 Qc7
9.O-O-O Be7 10.Bb3 Na5 11.g4 O-O 12.g5 Nxb3+ 13.axb3 Nd7 14.h4 b5 15.g6 Nf6
16.gxh7+ Kxh7 17.Rdg1 Bb7 18.f3 b4 19.Qg2 Rg8 20.Na4 g6 21.Qg5 Rg7 22.h5 Kg8
23.hxg6 Rxg6 24.Qh6  1-0

[Event "Dhaka"]
[Site "Dhaka"]
[Date "1997.??.??"]
[Round "6"]
[White "Iuldachev, Saidali"]
[Black "Rahman, Ziaur"]
[Result "0-1"]
[WhiteElo "2555"]
[BlackElo "2480"]

1.e4 c5 2.Nf3 Nc6 3.Nc3 e6 4.Bb5 Nge7 5.O-O a6 6.Bxc6 Nxc6 7.d4 cxd4 8.Nxd4 Qc7
9.Re1 Bd6 10.Kh1 Nxd4 11.Qxd4 f6 12.Na4 Be5 13.Qc5 b5 14.Qxc7 Bxc7 15.Nc5 d6
16.Nd3 Bd7 17.f3 Ke7 18.Be3 Rac8 19.Rad1 a5 20.Rd2 Bc6 21.c3 g5 22.Bf2 h5
23.Kg1 Rhd8 24.Rc2 Kf7 25.c4 bxc4 26.Rxc4 Bb5 27.Rc3 Bb8 28.Rec1 Rxc3 29.Rxc3 d5
30.Bb6 Rd6 31.Bc7 Ba7+ 32.Kh1 Rd7 33.Bxa5 dxe4 34.Ne1 e3 35.Rc7 Rxc7 36.Bxc7 e5
37.b3 Ke6 38.Ba5 g4 39.Bc3 Bc6 40.a4 f5 41.h3 f4 42.hxg4 hxg4 43.b4 Bxa4
44.Nd3 Bd4 45.Nxf4+ exf4 46.Bxd4 g3 47.b5 Bxb5 48.Kg1 e2  0-1

[Event "Dresden (Women)"]
[Site "Dresden"]
[Date "1997.??.??"]
[Round "9"]
[White "Virnik, Elena"]
[Black "Guenther, Anetta"]
[Result "1/2-1/2"]
[WhiteElo "2185"]
[BlackElo "2105"]

1.e4 c5 2.Nf3 Nc6 3.Nc3 Nf6 4.d4 cxd4 5.Nxd4 e5 6.Ndb5 d6 7.Bg5 a6 8.Na3 b5
9.Bxf6 gxf6 10.Nd5 f5 11.c3 Bg7 12.Nc2 O-O 13.exf5 Bxf5 14.Nce3 Be6 15.g4 Ne7
16.Bg2 Nxd5 17.Nxd5 a5 18.h4 Rb8 19.g5 f5 20.gxf6 Bxf6 21.Be4 Qd7 22.Qh5 Bd8
23.Rg1+ Kh8 24.Qh6 Qf7 25.O-O-O Bxd5 26.Bxd5 Qf6 27.Rg6 Qf4+ 28.Qxf4 exf4
29.Rxd6 Bxh4 30.Rh1 Bg5 31.Be4 h6 32.Rd7  1/2-1/2

[Event "RUS-Cup5"]
[Site "Ekaterinburg"]
[Date "1997.??.??"]
[Round "8"]
[White "Fedorov, Alexei"]
[Black "Isaev, Jamshed"]
[Result "1-0"]
[WhiteElo "2580"]
[BlackElo "2445"]

1.e4 c5 2.Nf3 Nc6 3.Nc3 g6 4.d4 cxd4 5.Nxd4 Bg7 6.Nb3 Nf6 7.Be2 O-O 8.O-O d6
9.Re1 Ne8 10.Bg5 h6 11.Bh4 g5 12.Bg3 Bxc3 13.bxc3 e5 14.Nd2 Be6 15.Nc4 Rc8
16.Ne3 Ne7 17.c4 f5 18.exf5 Nxf5 19.Nxf5 Rxf5 20.Bd3 Rf8 21.c5 Rxc5 22.Bxe5 Rd5
23.c4 dxe5 24.cxd5 Qxd5 25.Be4 Qc5 26.Qc2 Qe7 27.Qb2 Nf6 28.Qxe5 Ng4 29.Bh7+ Kf7
30.Bg6+ Kxg6 31.Qxe6+ Qxe6 32.Rxe6+ Rf6 33.Rxf6+ Nxf6 34.Rc1 Ne8 35.Rd1 Nf6
36.Rd8 b6 37.f3 Kf7 38.Kf2 Ke6 39.Ke3 Nd5+ 40.Kd4 Nb4 41.Rh8  1-0

[Event "Schachschule Erlangen op"]
[Site "Erlangen"]
[Date "1997.??.??"]
[Round "1"]
[White "Winter, Florian"]
[Black "Eckhardt, Wladislaw"]
[Result "0-1"]
[WhiteElo "700"]
[BlackElo "1844"]

1.e4 c5 2.Nf3 Nc6 3.Nc3 g6 4.d3 Bg7 5.Bd2 Nf6 6.Be2 O-O 7.O-O Rb8 8.Bf4 d6
9.Rb1 b5 10.a3 a5 11.Na2 Be6 12.Nc1 h6 13.Qe1 a4 14.b3 b4 15.axb4 axb3 16.Nxb3 Rxb4
17.Nbd2 Qb6 18.Rxb4 Nxb4 19.Qb1 Ba2 20.Qc1 g5 21.Be3 Ng4 22.Nc4 Bxc4 23.dxc4 Nxe3
24.Qxe3 Nxc2 25.Qc1 Nd4 26.Nxd4 Bxd4 27.h3 Ra8 28.Qc2 Ra3 29.Qb1 Rb3 30.Qc2 Rb2
31.Qd3 Qb4 32.Kh2 Rb3 33.Qc2 Be5+ 34.g3 Qa3 35.Rg1 Rb2 36.Qd1 Qc3 37.Qe1 Qd4
38.Kg2 Qxe4+ 39.Kh2 Rxe2 40.Qf1 h5 41.Qg2 Qc2 42.Rf1 h4 43.Qa8+ Kg7 44.Kg1 hxg3
45.fxg3 Bd4+ 46.Kh1 Rh2+  0-1

[Event "Essen op"]
[Site "Essen"]
[Date "1997.??.??"]
[Round "3"]
[White "Henneberger, Sven"]
[Black "Mainka, Romuald"]
[Result "0-1"]
[WhiteElo "2150"]
[BlackElo "2480"]

1.e4 c5 2.Nf3 Nc6 3.Nc3 d6 4.d4 cxd4 5.Nxd4 Nf6 6.Be2 e5 7.Nf3 h6 8.O-O Be7
9.Re1 O-O 10.h3 Be6 11.Bf1 a6 12.Nd5 Bxd5 13.exd5 Nb8 14.a4 a5 15.Ra3 Nbd7
16.Nh4 Nc5 17.Nf5 Qd7 18.Qf3 Kh7 19.Bb5 Qd8 20.c4 Rg8 21.g4 Bf8 22.g5 e4
23.Qf4 Nh5 24.Qg4 g6 25.Nxh6 Bxh6 26.gxh6 Rc8 27.Bd2 b6 28.Qg5 f6 29.Qh4 Qc7
30.f3 f5 31.Kh2 Rcf8 32.b4 axb4 33.Bxb4 Nf6 34.Bc3 g5 35.Qg3 Nd3 36.Rea1 Nh5
37.Qg2 Nhf4 38.Qf1 e3 39.a5 e2 40.Qg1 bxa5 41.Rxa5 Kxh6 42.Ra7 Qc5 43.Rd7 Qxg1+
44.Kxg1 g4  0-1

[Event "Faro op"]
[Site "Faro"]
[Date "1997.??.??"]
[Round "4"]
[White "Vitor, Antonio"]
[Black "Rivera, Daniel"]
[Result "1/2-1/2"]
[WhiteElo "2275"]
[BlackElo "2370"]

1.e4 c5 2.Nf3 Nc6 3.Nc3 d6 4.Bb5 Bd7 5.Bxc6 Bxc6 6.d4 cxd4 7.Qxd4 e5 8.Qd3 h6
9.O-O Nf6 10.Be3 Be7 11.Nh4 Nxe4 12.Nxe4 Bxe4 13.Qxe4 Bxh4 14.Qa4+ b5 15.Qxb5+ Qd7
16.Qd5 O-O 17.Rfd1 Qf5 18.Qxd6 Rfd8 19.Qc7 Rxd1+ 20.Rxd1 Rc8 21.Qxa7 Qxc2
22.Rf1 Qxb2 23.a4 Bg5 24.Bxg5 hxg5 25.h3 Qd4 26.Qxd4  1/2-1/2

[Event "Faro op"]
[Site "Faro"]
[Date "1997.??.??"]
[Round "8"]
[White "Galego, Luis"]
[Black "Frois, Antonio"]
[Result "1-0"]
[WhiteElo "2440"]
[BlackElo "2375"]

1.e4 c5 2.Nf3 Nc6 3.Nc3 g6 4.Bb5 Bg7 5.O-O e5 6.Bxc6 dxc6 7.d3 Bg4 8.h3 Bxf3
9.Qxf3 Nf6 10.Bg5 h6 11.Be3 Nd7 12.Qg3 Qe7 13.Kh1 O-O 14.Rae1 Kh7 15.f4 exf4
16.Bxf4 Ne5 17.Nd1 Rad8 18.b3 Rd7 19.Re2 b6 20.a4 b5 21.axb5 cxb5 22.Ne3 Nc6
23.Ref2 g5 24.Nf5  1-0

[Event "Femeni"]
[Site "Femeni"]
[Date "1997.??.??"]
[Round "1"]
[White "Cabaco, I."]
[Black "Folch, Sylvia"]
[Result "0-1"]
[WhiteElo "1865"]
[BlackElo "1960"]

1.e4 c5 2.Nc3 Nc6 3.Nf3 g6 4.Bb5 Bg7 5.Bxc6 dxc6 6.h3 Nf6 7.d3 O-O 8.O-O Ne8
9.Bf4 Nc7 10.Qd2 Ne6 11.Rab1 Nxf4 12.Qxf4 h6 13.Ne5 Qd6 14.Qe3 Qxe5 15.f4 Qd4
16.Rf3 Qxe3+ 17.Rxe3 Bd4  0-1

[Event "FIN-chT 9697"]
[Site "FIN"]
[Date "1997.??.??"]
[Round "8.4"]
[White "Lehto, Ville"]
[Black "Nokso Koivisto, Antti"]
[Result "1-0"]
[WhiteElo "2295"]
[BlackElo "2240"]

1.e4 c5 2.Nf3 Nc6 3.Nc3 e5 4.Bc4 d6 5.d3 Be7 6.Ng5 Bxg5 7.Qh5 g6 8.Qxg5 Qxg5
9.Bxg5 h6 10.Be3 Be6 11.Nd5 O-O-O 12.c3 Nge7 13.a4 Bxd5 14.exd5 Nb8 15.O-O Nd7
16.b4 f5 17.f4 exf4 18.Bxf4 Kc7 19.Rae1 Nc8 20.h4 cxb4 21.cxb4 Rdg8 22.Re6 g5
23.Be3 f4 24.Bd4 Rh7 25.hxg5 hxg5 26.a5 a6 27.Rc1 Kb8 28.Bb3 g4 29.Rce1 g3
30.Re8 Rxe8 31.Rxe8 Kc7 32.Re4 Rf7 33.Bd1 Rf5 34.Bg4 Rxd5 35.Be6 Rb5 36.Rxf4 Ne5
37.Bc3 Ne7 38.d4 N5g6 39.Rf3 d5 40.Rxg3 Nf4 41.Bg4 b6 42.Re3 Nc6 43.g3 Ng6
44.Be2 bxa5 45.Bxb5 axb5 46.bxa5 b4 47.Bd2 Nxd4 48.Bxb4 Ne5 49.Bc3 Nec6 50.Bxd4 Nxd4
51.g4  1-0

[Event "FRA-chT9697 groupe B"]
[Site "France"]
[Date "1997.??.??"]
[Round "2"]
[White "Lepelletier, Benoit"]
[Black "Verdier, Patrice"]
[Result "1-0"]
[WhiteElo "2485"]
[BlackElo "2320"]

1.e4 c5 2.Ne2 Nc6 3.Nbc3 Nf6 4.g3 g6 5.Bg2 Bg7 6.O-O O-O 7.Nd5 Nxd5 8.exd5 Nd4
9.Nxd4 Bxd4 10.d3 d6 11.Re1 Bf6 12.h4 h5 13.Bg5 Bxg5 14.hxg5 e5 15.dxe6 fxe6
16.Qd2 e5 17.c3 Bg4 18.Bxb7 Bf3 19.Bxf3 Rxf3 20.d4 cxd4 21.cxd4 Rf5 22.Rad1 Qxg5
23.Qxg5 Rxg5 24.dxe5 dxe5 25.Rd5 Re8 26.Re4 Re7 27.b4 Kf7 28.a4 Rf5 29.b5 Ke6
30.Rc5 g5 31.Rc6+ Kd5 32.Re2 e4 33.Rd2+ Ke5 34.Rc5+ Ke6 35.Rxf5 Kxf5 36.Rd5+ Kg4
37.a5 Rc7 38.Kg2 Rc2 39.Re5 Re2 40.a6 Rb2 41.Rxe4+ Kf5 42.Re7 Rxb5 43.Rxa7 Ra5
44.Ra8 Kg6 45.Kf3 Ra3+ 46.Ke2 h4 47.gxh4 gxh4 48.a7 Kh7 49.f4 h3 50.Kf2 Kg7
51.Kg1 Ra5 52.f5 Rxf5 53.Rb8  1-0

[Event "FRA-chT9697 groupe B"]
[Site "France"]
[Date "1997.??.??"]
[Round "4"]
[White "Schabanel, Stephane"]
[Black "Tirard, Hugo"]
[Result "0-1"]
[WhiteElo "2220"]
[BlackElo "2365"]

1.e4 c5 2.Nc3 Nc6 3.Nf3 g6 4.d4 cxd4 5.Nxd4 Bg7 6.Be3 Nf6 7.Nb3 O-O 8.Be2 d6
9.O-O Be6 10.f4 Qc8 11.Kh1 Rd8 12.Bf3 Bg4 13.Qe2 Bxf3 14.Rxf3 d5 15.e5 Ng4
16.Bg1 h5 17.Rd1 e6 18.Nb5 Bf8 19.Rg3 b6 20.N5d4 Nxd4 21.Nxd4 Kh7 22.f5 exf5
23.h3 Nh6 24.Rgd3 Qb7 25.Nf3 Be7 26.Be3 f4 27.Bxf4 Nf5 28.e6 f6 29.g4 Ng7
30.Nd4 Rac8 31.Qg2 Bc5 32.gxh5 Nxh5 33.Bh2 Re8 34.c3 Bxd4 35.Rxd4 Rxe6 36.Rxd5 Re7
37.R1d4 Rce8 38.Rd2 Qa6 39.R5d3 f5 40.Bg1 Nf4 41.Qg5  0-1

[Event "FRA-chT9697 groupe B"]
[Site "France"]
[Date "1997.??.??"]
[Round "5"]
[White "Schabanel, Stephane"]
[Black "Marzolo, Cyril"]
[Result "1/2-1/2"]
[WhiteElo "2220"]
[BlackElo "2200"]

1.e4 c5 2.Nc3 Nc6 3.Nf3 g6 4.d4 cxd4 5.Nxd4 Bg7 6.Be3 Nf6 7.Bc4 O-O 8.Bb3 d6
9.f3 Bd7 10.Qd2 Nxd4 11.Bxd4 b5 12.O-O a5 13.a4 b4 14.Nd5 Nxd5 15.exd5 e5
16.dxe6 Bxe6 17.Bxe6 fxe6 18.Rad1 d5 19.Rfe1 Re8 20.Bxg7 Kxg7 21.Qd4+ Qf6
22.Re5 Rac8 23.Rd2 Re7 24.g4 Rc4 25.Qe3 Re4 26.Rxe4 dxe4 27.Qxe4 Qxb2 28.Rd4 Qc1+
29.Kg2 Qg5 30.Rd8 Qc5 31.Kh3 h5 32.Qa8 hxg4+ 33.Kg3 Qe5+ 34.f4 Qe3+ 35.Kxg4  1/2-1/2

[Event "Frydek-Mistek op-A"]
[Site "Frydek-Mistek"]
[Date "1997.??.??"]
[Round "1"]
[White "Veselovsky, Sergey"]
[Black "Miton, Kamil"]
[Result "1/2-1/2"]
[WhiteElo "2435"]
[BlackElo "2280"]

1.e4 c5 2.Ne2 Nc6 3.Nbc3 e5 4.Nd5 Nge7 5.Nec3 d6 6.Bc4 Nxd5 7.Bxd5 Be6 8.O-O Be7
9.Bxe6 fxe6 10.Qg4 Qd7 11.Qxg7 O-O-O 12.Qg4 h5 13.Qd1 Rdg8 14.d3 Qe8 15.Be3 Qf7
16.Kh1 h4 17.f3 Bg5 18.Bxg5 Rxg5 19.Ne2 Qg7 20.Rf2 Rg8 21.Qf1 Qh6 22.c3 Kb8
23.Rd1 R5g7 24.Ng1 d5 25.Nh3 Rd8 26.Qe2 Rgd7 27.Rff1 Qh5 28.a3 Qg6 29.b4 cxb4
30.axb4 a6 31.exd5 Rxd5 32.Nf2 Rg8 33.Rg1 Qg7 34.Qe4 Ne7 35.Rde1 Ng6 36.Nh3 Rgd8
37.Re3 Qf6 38.Rge1 Nf4 39.Nxf4 exf4 40.Qxe6 Qxc3 41.Re4 Rxd3 42.h3 Rd1 43.Qe7 Rxe1+
44.Rxe1 Rd4 45.b5 axb5 46.Kh2 Ka7 47.Qxh4 b4 48.Qf2 Kb8 49.Re8+ Kc7 50.Qe2 Qc5
51.Re5 Qd6 52.Re7+ Kb8 53.Re8+ Kc7 54.Re7+ Kb8  1/2-1/2

[Event "Arnold mem"]
[Site "Gausdal"]
[Date "1997.??.??"]
[Round "4"]
[White "Trygstad, Kristian"]
[Black "Elsness, Frode"]
[Result "0-1"]
[WhiteElo "2160"]
[BlackElo "2350"]

1.e4 c5 2.Nc3 Nc6 3.Nge2 e5 4.Nd5 d6 5.Nec3 Nge7 6.Bc4 Nxd5 7.Bxd5 Be7 8.d3 O-O
9.O-O Bg5 10.Be3 Nd4 11.Qd2 h6 12.Ne2 Ne6 13.f4 exf4 14.Nxf4 Qe7 15.Ne2 Nc7
16.Bxg5 hxg5 17.Bb3 Be6 18.Ng3 g6 19.Rae1 Bxb3 20.axb3 Qe5 21.c3 Ne6 22.Qe3 Rae8
23.Rf3 d5 24.exd5 Qxd5 25.Qe5 Nc7 26.Qxd5 Rxe1+ 27.Kf2 Nxd5 28.Kxe1 f5 29.Ne2 g4
30.Rf2 Kg7 31.d4 cxd4 32.Nxd4 Rh8 33.g3 Nf6 34.b4 Ne4 35.Rc2 Kf6 36.c4 Ke5
37.Nb5 a6 38.Nc3 Ng5 39.b5 Nf3+ 40.Kd1 Rxh2 41.bxa6 Rh1+ 42.Ke2 Nd4+ 43.Kd2 bxa6
44.Rc1 Nb3+  0-1

[Event "Oberliga Nord N9697"]
[Site "Germany"]
[Date "1997.??.??"]
[Round "?"]
[White "Mach, Holger"]
[Black "Cording, Harm"]
[Result "1/2-1/2"]
[WhiteElo "2295"]
[BlackElo "2310"]

1.e4 c5 2.Nc3 Nc6 3.Nge2 d6 4.d4 cxd4 5.Nxd4 e5 6.Ndb5 a6 7.Na3 b5 8.Nd5 Nge7
9.c4 Nd4 10.Be3 Nxd5 11.cxd5 Be7 12.Bd3 O-O 13.O-O Bd7 14.Nc2 Nxc2 15.Qxc2 Bg5
16.Qd2 Bxe3 17.Qxe3 Qc7 18.Rac1 Qb7 19.Rc2 Rfc8 20.Rfc1 Rxc2 21.Rxc2 Kf8
22.Qc1 Rc8 23.Rxc8+  1/2-1/2

[Event "Landesliga Sued 9697 Bayern"]
[Site "Germany"]
[Date "1997.??.??"]
[Round "?"]
[White "Wolloner, Thomas"]
[Black "Reisch, Stefan"]
[Result "0-1"]
[WhiteElo "2105"]
[BlackElo "2005"]

1.e4 c5 2.Nc3 Nc6 3.Bb5 e6 4.Bxc6 dxc6 5.d3 e5 6.f4 exf4 7.Bxf4 Ne7 8.Nf3 Bg4
9.h3 Ng6 10.Be3 Bxf3 11.Qxf3 Be7 12.O-O O-O 13.Ne2 b6 14.Rad1 Qd7 15.Ng3 Rad8
16.Nh5 Qe6 17.Bd2 Bd6 18.Qf5 Be5 19.Qxe6 fxe6 20.Rxf8+ Kxf8 21.Bg5 Rd7 22.Rf1+ Rf7
23.c3 Rxf1+ 24.Kxf1 Kf7 25.Ke2 Nf8 26.Kf3 Nd7 27.Be3 Bd6 28.Nf4 Ne5+ 29.Ke2 g5
30.Nh5 Kg6 31.g4 c4 32.d4 Nd3 33.e5 Be7 34.b3 b5 35.bxc4 bxc4 36.Ng3 c5 37.Ne4 cxd4
38.cxd4 Nb4 39.Nc3 Nd5 40.Bd2 Bd8 41.Kd1 Bb6 42.Ne2 h6 43.Kc2 Kf7 44.Be1 Ke8
45.h4 Ne3+ 46.Kb2 Nxg4 47.hxg5 hxg5 48.Bd2 Nf2 49.Bxg5 Kd7 50.Be3 Nd1+  0-1

[Event "BL9798 (Women)"]
[Site "Germany"]
[Date "1997.??.??"]
[Round "?.3"]
[White "Schaefer, Anke"]
[Black "Espig, Gesine"]
[Result "1-0"]
[WhiteElo "2160"]
[BlackElo "2065"]

1.e4 c5 2.Nc3 Nc6 3.Nf3 d6 4.d4 cxd4 5.Nxd4 Nf6 6.Be2 e6 7.O-O a6 8.Be3 Be7
9.f4 Qc7 10.Bf3 Na5 11.Kh1 Bd7 12.Qe1 Nc4 13.Bc1 O-O 14.b3 Qc5 15.Nce2 Nb6
16.c4 e5 17.Nc2 Nc8 18.Be3 Qc7 19.Nb4 b5 20.Rc1 Qa5 21.Bd2 bxc4 22.Rxc4 Bb5
23.Rc2 Qb6 24.Rg1 Qb7 25.Nc3 Nb6 26.Nxb5 axb5 27.Qe2 Nbd7 28.Rgc1 Nc5 29.fxe5 dxe5
30.Rxc5 Bxc5 31.Rxc5 Qe7 32.Rxb5 Rac8 33.h3 Rfd8 34.Bg5 h6 35.Nd5 Rxd5 36.Bxf6 Qxf6
37.Rxd5  1-0

[Event "Landesliga Nord 9697 Bayern"]
[Site "Germany"]
[Date "1997.??.??"]
[Round "?"]
[White "Zvara, Petr"]
[Black "Meulner, Klaus"]
[Result "1-0"]
[WhiteElo "2370"]
[BlackElo "2130"]

1.e4 c5 2.Nc3 Nc6 3.Nf3 g6 4.d4 cxd4 5.Nxd4 Bg7 6.Be3 Nf6 7.Nb3 O-O 8.Be2 a5
9.a4 d6 10.O-O Be6 11.f4 Qc8 12.h3 Nb4 13.Nd4 Bc4 14.Rf2 d5 15.e5 Ne4 16.Nxe4 dxe4
17.Bg4 e6 18.b3 Ba6 19.Nb5 Nd5 20.Qxd5 exd5 21.Bxc8 Rfxc8 22.Rd1 Bxb5 23.axb5 a4
24.bxa4 Rc3 25.Bb6 Rxa4 26.Rxd5 e3 27.Rd8+ Bf8 28.Re2 Rxf4 29.Bxe3 Re4 30.Bh6  1-0

[Event "Oberliga Ost B9798"]
[Site "Germany"]
[Date "1997.??.??"]
[Round "?.2"]
[White "Margolin, Boris"]
[Black "Schlamp, Robert"]
[Result "1-0"]
[WhiteElo "2395"]
[BlackElo "2280"]

1.e4 c5 2.Nc3 Nc6 3.Nf3 d6 4.d4 cxd4 5.Nxd4 Nf6 6.Be2 e5 7.Nf3 Be7 8.O-O O-O
9.Bg5 Be6 10.Bxf6 Bxf6 11.Nd5 Bxd5 12.Qxd5 Qc7 13.c3 Kh8 14.Rad1 Be7 15.Nd2 f5
16.exf5 Rxf5 17.Ne4 Rd8 18.g3 Qb6 19.b4 g6 20.Kg2 Rff8 21.Rd2 Rfe8 22.h4 Kg7
23.h5 Rf8 24.Bg4 Qc7 25.Rh1 gxh5 26.Rxh5 Bf6 27.Qd3 h6 28.Qe3 Kf7 29.Rxh6  1-0

[Event "BL2-O9798"]
[Site "Germany"]
[Date "1997.??.??"]
[Round "3.3"]
[White "Jirovsky, Pavel"]
[Black "Schneider, Henning"]
[Result "1-0"]
[WhiteElo "2355"]
[BlackElo "2220"]

1.e4 c5 2.Nf3 Nc6 3.Nc3 d6 4.d4 cxd4 5.Nxd4 Nf6 6.Be3 e5 7.Nb3 Be7 8.f3 O-O
9.Qd2 a5 10.a4 Nb4 11.O-O-O Be6 12.Qf2 Qc8 13.Kb1 d5 14.exd5 Nfxd5 15.Nxd5 Bxd5
16.Nc1 Bc6 17.b3 Nd5 18.Na2 Nxe3 19.Qxe3 Qc7 20.Bd3 Rfe8 21.Nc3 Bb4 22.Bb5 Rac8
23.Qd3 Red8 24.Qc4 Qe7 25.Rxd8+ Qxd8 26.Rd1 Qf8 27.Nd5 Bxd5 28.Qxd5 Bc3 29.Qxb7 Bd4
30.Bc4 Rb8 31.Qc7 Qb4 32.c3 Bxc3 33.Bxf7+ Kf8 34.Bc4  1-0

[Event "NRW-Liga II 9697"]
[Site "Germany"]
[Date "1997.??.??"]
[Round "5.1"]
[White "Zelcic, Robert"]
[Black "Kishnev, Sergey"]
[Result "1/2-1/2"]
[WhiteElo "2455"]
[BlackElo "2500"]

1.e4 c5 2.Nf3 Nc6 3.Nc3 e5 4.Bc4 Be7 5.O-O d6 6.Nd5 Nf6 7.Nxe7 Qxe7 8.Re1 Bg4
9.h3 Bh5 10.c3 O-O 11.Bf1 h6 12.d3 Nh7 13.g3 Ng5 14.Bxg5 hxg5 15.Be2 Bxf3
16.Bxf3 g6 17.Bg2 Kg7 18.Qd2 Rh8 19.Re2 Rh5 20.Rf1 Rah8 21.f4 gxf4 22.gxf4 R8h7
23.Ref2 Kf8 24.a3 a5 25.Qd1 exf4 26.Rxf4 Qg5 27.Qg4 Qxg4 28.Rxg4 Ke7 29.Rg3 a4
30.Rd1 Rh8 31.Re3 Re5 32.Rd2 d5 33.d4 cxd4 34.cxd4 Re6 35.Rc3 dxe4 36.d5 Rd6
37.Bxe4 Ne5 38.Rc7+ Rd7 39.d6+ Ke6 40.Rxb7 Rxb7 41.Bxb7 Rb8 42.d7 Nxd7 43.Bd5+ Ke7
44.Bxf7 Kxf7 45.Rxd7+ Kf6 46.Rd2 g5  1/2-1/2